000 00991nam a2200313 a 4500
001 vtls000185142
003 NLI
005 20210602111158.0
008 101125s1963 ii bc 001 0 eng
020 _cRs. 70.00
039 9 _y201011252221
_zVLOAD
040 _aNLI
_beng
_cDatasoft 1
_eAACR2
041 0 _aeng
044 _aii
082 0 4 _a321.642
100 0 _aRaghuvir Krishna
_9358548
245 1 0 _aFallacies of Marx's communism and its practice /
_cRaghuvir Krishna
260 _aNew Delhi :
_bOne World Order (Yoga Mission),
_c1963
300 _axviii, iv, 522 p. :
_bports., maps. ;
_c19 cm.
500 _aIncludes index
650 0 _aCommunism
_zIndia
_91080
650 0 _aCommunism
_91081
887 _a
901 _aDB3415
_b27.07.1963
902 _aE 321.642 R 126
942 _2ddc
_cBKS
949 _AVIRTUAITEM
_D10000
_X100
_6DBA000003415ENG
999 _aVIRTUA40
_c190342
_d190342
999 _aVTLSSORT0080*0200*0400*0410*0440*0820*1000*2450*2600*3000*5000*6500*6501*9010*9020*9490*9991